000
00309nam a22001457a 4500
008
210311b ||||| |||| 00| 0 eng d
020
_a
2841141173172
041
_a
eng
080
_a
7
082
_a
7
100
_a
44
101
_a
ART
245
_a
Painting the Human Figure
_c
Soyer, M
942
_2
udc
_c
BK
999
_c
56335
_d
56335